| 000 | 00702cam a2200205 4500 | ||
|---|---|---|---|
| 001 | 14758 | ||
| 005 | 20230410103637.0 | ||
| 008 | 060907s1984 dq eng | ||
| 035 | _9funglode14883 | ||
| 041 | _aeng | ||
| 050 | 1 | 4 |
_a209 F 2051 _bH775d 1984 |
| 082 | 0 | 0 | _a972.984 |
| 100 | 1 |
_aHonychurch, Lennox, _d1952- |
|
| 245 | 1 | 4 |
_aThe Dominica story : _ba history of the island / _cby Lennox Honychurch ; the cover painting and all maps and drawings by Lennox Honychurch. |
| 260 |
_aRoseau, Dominica, Windward Islands, West Indies : _bDominica Institute, _cc1984. |
||
| 300 |
_a225 p. : _bill., maps ; _c22 cm. |
||
| 651 | 0 |
_aDominica _xHistory. |
|
| 651 | 4 |
_aDominica _xHistoria |
|
| 942 |
_2lcc _cbk |
||
| 999 |
_c23059 _d23059 |
||